000 00510ngm a2200169 i 4500
001 C2-0303331
003 PPAK
005 20180727220359.0
008 100322s2005 xxu|||| ||||| | vleng d
040 _aPPAK
_beng
_cPPAK
_erda
245 0 4 _aThe Presidents :
_bthe lives and legacies of the 43 leaders of the united states
264 1 _aUnited States :
_bA&E Television Networks ,
_c2005
336 _2rdacontent
_atext
337 _2rdamedia
_aunmediated
338 _2rdacarrier
_avolume
942 _2ddc
_cDVD
999 _c166177
_d166177